000 00368nam a2200157Ia 4500
008 210716s2010 xx 000 0 und d
020 _a9788130908632
041 _aeng
082 _a338.5 VARH
100 _aVarian, Hal R.
245 _aMicroeconomic analysis.
250 _a3
260 _aNew Delhi
_bViva Books
_c2010
300 _axv,506,A42
650 _aNone
999 _c206771
_d206771